[Event "Sandton SWVG blitz op"]
[Site "Sandton"]
[Date "2019.05.19"]
[Round "1"]
[White "Meiboom, Cornelis"]
[Black "Wolpe, Clyde"]
[Result "0-1"]
[WhiteElo "1788"]
[BlackElo "2004"]
[PlyCount "62"]
[EventDate "2019.05.19"]
[EventType "swiss (blitz)"]
[EventRounds "10"]
[EventCountry "RSA"]
[SourceTitle "CBM 190 Extra"]
[Source "ChessBase"]
[SourceDate "2019.07.15"]
[SourceVersion "1"]
[SourceVersionDate "2019.07.15"]
[SourceQuality "1"]

1. e4 e6 2. d3 d5 3. Nd2 Nf6 4. Ngf3 b6 5. g3 Bb7 6. e5 Nfd7 7. Bg2 c5 8. c3 Nc6 9. Qe2 Be7 10. 0-0 0-0 11. Re1 b5 12. Nf1 a5 13. h4 b4 14. N1h2 Qb6 15. Ng4 a4 16. Bg5 a3 17. cxb4 axb2 18. Qxb2 Qxb4 19. Qxb4 cxb4 20. Bxe7 Nxe7 21. Reb1 Nc6 22. d4 Ba6 23. Ne3 Bd3 24. Rb2 Nb6 25. Bf1 Bxf1 26. Kxf1 Rfc8 27. Ke2 Na4 28. Rb3 Nc3+ 29. Kd3 Rxa2 30. Rxa2 Nxa2 31. Nc2 Nc1+ 0-1